The 1994 annual : (Record no. 5808)

MARC details
000 -LEADER
fixed length control field 00918cam a22002652 4500
001 - CONTROL NUMBER
control field 0000002350
005 - DATE AND TIME OF LATEST TRANSACTION
control field 20151217151851.0
008 - FIXED-LENGTH DATA ELEMENTS--GENERAL INFORMATION
fixed length control field 070410s xx 000 0 eng d
020 ## - INTERNATIONAL STANDARD BOOK NUMBER
International Standard Book Number 0883904128D :
040 ## - CATALOGING SOURCE
Original cataloging agency KABU
Transcribing agency KABU
050 #0 - LIBRARY OF CONGRESS CALL NUMBER
Classification number HF5549
Item number .A56 1994
245 14 - TITLE STATEMENT
Title The 1994 annual :
Remainder of title developing human resources /
Statement of responsibility, etc. ed. by T. William Pfeiffer.
260 ## - PUBLICATION, DISTRIBUTION, ETC. (IMPRINT)
Place of publication, distribution, etc. San Diego, CA :
Name of publisher, distributor, etc. Pfeiffer,
Date of publication, distribution, etc. 1994.
300 ## - PHYSICAL DESCRIPTION
Extent x, 309 p.
500 ## - GENERAL NOTE
General note The twenty third annual.
650 #0 - SUBJECT ADDED ENTRY--TOPICAL TERM
Topical term or geographic name as entry element Personnel management.
-- 0000150761
700 1# - ADDED ENTRY--PERSONAL NAME
Personal name Pfeiffer, J. William.
-- 0000136672
908 ## - PUT COMMAND PARAMETER (RLIN)
Put command parameter 070410
950 ## - LOCAL HOLDINGS (RLIN)
-- 1
Holdings
Withdrawn status Lost status Source of classification or shelving scheme Not for loan Home library Current library Date acquired Total Checkouts Full call number Barcode Date last seen Price effective from Koha item type
    Library of Congress Classification   Kabarak, Main Campus Kabarak, Main Campus 17/12/2015   HF5549 .A56 1994 003662 02/08/2024 17/12/2015 General Collection
    Library of Congress Classification   Kabarak, Main Campus Kabarak, Main Campus 17/12/2015   HF5549 .A56 1994 003663 02/08/2024 17/12/2015 General Collection
    Library of Congress Classification   Kabarak, Main Campus Kabarak, Main Campus 17/12/2015   HF5549 .A56 1994 003664 02/08/2024 17/12/2015 General Collection
    Library of Congress Classification   Kabarak, Main Campus Kabarak, Main Campus 17/12/2015   HF5549 .A56 1994 003665 02/08/2024 17/12/2015 General Collection
    Library of Congress Classification   Kabarak, Main Campus Kabarak, Main Campus 17/12/2015   HF5549 .A56 1994 003666 02/08/2024 17/12/2015 General Collection
Designed with assistance from East African Informatics Ltd